00802nam a2200265 a 450000100060000000300080000600500170001400800410003102000180007203500190009004000350010904100080014408200220015210000190017424500780019325000120027126000520028330000340033550400510036965000160042065000300043665000260046670000230049270000210051561028BD-RjUL20211209080919.0170114s2009 nyua b 001 0 eng u a9780071284714 a(BD-RjUL)61152 aBD-RjULbengcBD-RjULdBD-RjUL aeng 223a657bLIF 20091 aLibby, Robert.10aFinancial accounting /cRobert Libby, Patricia A. Libby, Daniel G. Short. a6th ed. aNew York ;aLondon :bIrwin/McGraw-Hill,c2009. axxxi, 830 p :bill. ;c29 cm. aIncludes bibliographical references and index. 0aAccounting. 0aCorporationsxAccounting. 0aFinancial statements.1 aLibby, Patricia A.1 aShort, Daniel G.